000
00264nam a2200121Ia 4500
008
190216s9999||||xx |||||||||||||| ||und||
100
_a
Ameer P U
245
0
_a
Kodamukkile Yathrakkar
260
_b
Current Books
300
_a
192
650
_a
Novel
942
_c
BK
999
_c
27377
_d
27377